Guangdong zhan lüe xing xin xing qi ye chuang xin fa zhan lu jing yan jiu /

Saved in:
நூற்பட்டியல் விவரங்கள்
தலைமை எழுத்தாளர்: He, Hua, (Author)
வடிவம்: புத்தகம்
மொழி:Chinese
வெளியீடப்பட்டது: Guangzhou : Hua nan li gong da xue chu ban she, 2016.
பதிப்பு:Di 1 ban.
பகுதிகள்:
குறியீடுகள்: குறிச்சொல் இணை
குறியீடுகள் இல்லை, இந்த குறிச்சொல்லை முதலில் பதிவு செய்யுங்கள்!
LEADER 01527cam a2200397Ii 4500
001 13012371
005 20180219161630.0
008 170110s2016 cc a 000 0 chi d
020 |a 9787562347941 
020 |a 7562347948 
035 |a (OCoLC)968135532 
035 |a (OCoLC)ocn968135532 
035 |a (HKUL)57931227 
035 |a (NNC)13012371 
040 |a HUA  |b eng  |e rda  |c HUA 
043 |a a-cc-kn 
050 4 |a HC428.G824  |b H424 2016 
066 |c $1 
100 1 |6 880-01  |a He, Hua,  |e author. 
245 1 0 |6 880-02  |a Guangdong zhan lüe xing xin xing qi ye chuang xin fa zhan lu jing yan jiu /  |c He Hua zhu. 
250 |6 880-03  |a Di 1 ban. 
264 1 |6 880-04  |a Guangzhou :  |b Hua nan li gong da xue chu ban she,  |c 2016. 
300 |a 2, 2, 173 pages :  |b illustrations ;  |c 26 cm 
336 |a text  |2 rdacontent 
337 |a unmediated  |2 rdamedia 
338 |a volume  |2 rdacarrier 
504 |a Includes bibliographical references (pages 171-173). 
650 0 |6 880-05  |a Industries  |x Technological innovations  |z China  |z Guangdong Sheng. 
650 0 |6 880-06  |a Industrial policy  |z China  |z Guangdong Sheng. 
880 1 |6 100-01/$1  |a 何花,  |e author. 
880 1 0 |6 245-02/$1  |a 广东战略性新兴企业创新发展路径研究 /  |c 何花著. 
880 |6 250-03/$1  |a 第1版. 
880 1 |6 264-04/$1  |a 广州 :  |b 华南理工大学出版社,  |c 2016. 
880 0 |6 650-05/$1  |a Industries  |x Technological innovations  |z 中国  |z 广东省. 
880 0 |6 650-06/$1  |a Industrial policy  |z 中国  |z 广东省. 
852 0 0 |b eax  |h HC428.G824  |i H424 2016